| 000 | 00510nam a2200181Ia 4500 | ||
|---|---|---|---|
| 999 |
_c6133 _d6133 |
||
| 003 | OSt | ||
| 005 | 20200116105625.0 | ||
| 008 | 190216s9999||||xx |||||||||||||| ||und|| | ||
| 040 | _coclc | ||
| 082 |
_a658.15 _bPAN/F |
||
| 100 |
_aPandey, I M _91137 |
||
| 245 | 0 |
_aFinancial Management / _cI M Pandey |
|
| 250 | _a8th ed. | ||
| 260 |
_bVikas Publishing House, _c2001. _aNew Delhi: |
||
| 300 | _a1226p | ||
| 650 | _xFinancial Management | ||
| 942 |
_cBK _2ddc _h658.15 _iPAN/F _k658.15 _mPAN/F |
||